Geometria practica y mecanica (Record no. 8280)

MARC details
000 -CABECERA
campo de control de longitud fija 01493nam a2200361 a 4500
001 - NÚMERO DE CONTROL
campo de control BRCA_8619
005 - FECHA Y HORA DE LA ÚLTIMA TRANSACCIÓN
campo de control 20190320210340.0
008 - DATOS DE LONGITUD FIJA--INFORMACIÓN GENERAL
campo de control de longitud fija 210916s1706----mx-#######---#000-0#spa-#
041 ## - CÓDIGO DE LENGUA
Código de lengua del texto/banda sonora o título independiente spa
044 ## - CÓDIGO DEL PAÍS DE LA ENTIDAD EDITORA/PRODUCTORA
Código MARC del país mx
050 #4 - SIGNATURA TOPOGRÁFICA DE LA BIBLIOTECA DEL CONGRESO
Número de clasificación TN1997
Número de documento/Ítem .S24
-- 1706
100 1# - ENTRADA PRINCIPAL--NOMBRE DE PERSONA
Nombre de persona Saenz y Escobar, José
9 (RLIN) 21534
245 10 - MENCIÓN DE TÍTULO
Título Geometria practica y mecanica
Resto del título dividida en tres tratados el primero de medidas de tierras el segundo de minas el tercero de aguas
Mención de responsabilidad, etc. José Saenz y Escobar.
260 ## - PUBLICACIÓN, DISTRIBUCIÓN, ETC.
Lugar de publicación, distribución, etc. [México]
Nombre del editor, distribuidor, etc. [s.i.]
Fecha de publicación, distribución, etc. 1706
300 ## - DESCRIPCIÓN FÍSICA
Extensión 1 vol. (sin paginación)
Dimensiones 31 cm
500 ## - NOTA GENERAL
Nota general Fondo antiguo
500 ## - NOTA GENERAL
Nota general Se encuentra en Caja Fuerte
500 ## - NOTA GENERAL
Nota general COF-50
500 ## - NOTA GENERAL
Nota general Portada en dos tintas negro y rojo
500 ## - NOTA GENERAL
Nota general Texto en manuscrito
500 ## - NOTA GENERAL
Nota general Con dedicatoria: al capitan D. Francisco Peres Navas
500 ## - NOTA GENERAL
Nota general Incluye figuras
500 ## - NOTA GENERAL
Nota general Se localizan filigranas en las guardas
500 ## - NOTA GENERAL
Nota general Incluye índice
500 ## - NOTA GENERAL
Nota general Nota de encuadernación: piel con dorados, broches de piel deteriorados
505 0# - NOTA DE CONTENIDO CON FORMATO
Nota de contenido con formato Contiene el reglamento general de las medidas de las aguas, dispuesto a lo municipal de esta governacion por D. Domingo Lasso de la Vega. Dedicado a la Real Audiencia de México, año de 1761
506 0# - NOTA DE RESTRICCIONES AL ACCESO
Limitaciones de acceso Fondo reservado: para su consulta es necesario credencial de usuario y carta de motivos
650 14 - PUNTO DE ACCESO ADICIONAL DE MATERIA--TÉRMINO DE MATERIA
Término de materia o nombre geográfico como elemento de entrada Topografía
Subdivisión geográfica América
9 (RLIN) 21535
650 14 - PUNTO DE ACCESO ADICIONAL DE MATERIA--TÉRMINO DE MATERIA
Término de materia o nombre geográfico como elemento de entrada Minas y recursos minerales
Subdivisión geográfica América
9 (RLIN) 21536
650 14 - PUNTO DE ACCESO ADICIONAL DE MATERIA--TÉRMINO DE MATERIA
Término de materia o nombre geográfico como elemento de entrada Agua
Subdivisión geográfica América
9 (RLIN) 21537
902 ## - CATALOGADOR
Iniciales LAR
942 ## - ELEMENTOS DE PUNTO DE ACCESO ADICIONAL (KOHA)
Fuente del sistema de clasificación o colocación Library of Congress Classification
Tipo de ítem Koha Libros
Holdings
Estado de retiro Estado de pérdida Estado dañado No para préstamo Localización permanente Ubicación/localización actual Fecha de adquisición Número de inventario Total de préstamos Signatura topográfica completa Código de barras Fecha visto por última vez Precio válido a partir de Tipo de ítem Koha
El ejemplar forma parte de la colección y puede ser consultado según las políticas vigentes.       Biblioteca del Museo Franz Mayer (Rogerio Casas-Alatriste) Biblioteca del Museo Franz Mayer (Rogerio Casas-Alatriste) 21/09/2016 COF-50   TN1997 .S24 1706 (COF-50) LAR00123 22/03/2019 22/03/2019 Libros